| 000 | 01187nam a2200289 i 4500 | ||
|---|---|---|---|
| 001 | 000046797 | ||
| 003 | DO-SdBNP | ||
| 005 | 20250919112546.0 | ||
| 007 | ta | ||
| 008 | 180326s2017 dr r 000 0 spa d | ||
| 040 |
_aDO-SdBNP _bspa _cBNPHU _erda |
||
| 082 | 4 |
_a342.7293041 _bR263a 2016 _222 |
|
| 100 | 1 |
_aMilton Ray Guevara _d1948- _978143 |
|
| 245 | 1 | 0 |
_aAudiencia solemne de rendición de cuentas 2016 un lustro : _bpalabras pronunciadas por el DR. Milton Ray Guevara Magistrado Presidente del Tribunal Constitucional. |
| 246 | 1 | 4 | _aRendición de cuentas 2016 : un lustro |
| 264 |
_aSanto Domingo : _bTribunal Constitucional, _c2017. |
||
| 300 |
_a23 páginas ; _c26 cm. |
||
| 336 |
_2rdacontent _atexto _btxt |
||
| 337 |
_2rdamedia _asin mediación _bn |
||
| 338 |
_2rdacarrier _avolumen _bnc |
||
| 590 | _aInventariada,2108/DG | ||
| 650 | 4 |
_aTribunales constitucionales _zRepública Dominicana _xCorrespondencia, memorias, etc. _969181 |
|
| 650 | 4 |
_aCuerpos legislativos _zRepública Dominicana _xCorrespondencia, memorias, etc. _969182 |
|
| 710 | 1 |
_aRepública Dominicana. _bCorte de Constitucionalidad _971191 |
|
| 910 | _aValidado. control de calidad. MFF | ||
| 942 |
_2ddc _cLBS1 |
||
| 999 |
_c46286 _d46286 |
||